[Event "C.to Italiano Semifinale"]
[Site "Saint Vincent - Chatillon ITA"]
[Date "1999.06.26"]
[Round "8"]
[White "Buchicchio, Giancarlo"]
[Black "Luciani, Valerio"]
[Result "1/2-1/2"]
[WhiteElo "1771"]
[BlackElo "2238"]
[PlyCount "153"]
[EventDate "1999.06.20"]

1. e4 e6 2. d4 d5 3. e5 c5 4. c3 Nc6 5. Be3 cxd4 6. cxd4 Bd7 7. Nf3 Nge7 8. Bd3
Ng6 9. O-O Be7 10. Qd2 O-O 11. Nc3 Nh8 12. Ng5 g6 13. Nh3 f5 14. f4 Nf7 15. Kh1
Qb6 16. Bb5 Rac8 17. Rfc1 a6 18. Bxc6 Bxc6 19. a3 Bd7 20. Nf2 Qb3 21. Nd3 b6
22. Rc2 Nd8 23. Nc1 Qc4 24. b3 Qc6 25. Raa2 Qb7 26. Nd3 Nc6 27. b4 Na7 28. Ra1
Rc7 29. Rac1 Rfc8 30. Kg1 Bb5 31. Ne1 Bc4 32. Rb1 Qc6 33. a4 Qd7 34. Rcb2 a5
35. Nc2 Nc6 36. bxa5 bxa5 37. Nb5 Bxb5 38. Rxb5 Na7 39. R5b2 Qxa4 40. Ra1 Qc4
41. Rxa5 Nc6 42. Rab5 Kf7 43. Ne1 Ba3 44. Rb1 Nd8 45. Qd3 Be7 46. Qxc4 Rxc4 47.
Kf2 Bh4+ 48. g3 Be7 49. Rd1 Nc6 50. Rbb1 Bb4 51. Nf3 Rc7 52. Ng5+ Ke7 53. Nf3
Rc2+ 54. Kg1 Bc3 55. Rdc1 Nxd4 56. Rxc2 Nxc2 57. Bb6 Rc6 58. Bf2 Kd7 59. Ng5 h6
60. Nf7 d4 61. Rd1 Ra6 62. Nd6 Kc6 63. Kg2 Ra2 64. Kf3 Ra1 65. Rxa1 Nxa1 66.
Ke2 Kd5 67. Nb5 Nb3 68. Nxc3+ dxc3 69. Kd3 Na5 70. Kxc3 Ke4 71. Kb4 Nc6+ 72.
Kc5 Ne7 73. Kd6 Nd5 74. Kxe6 g5 75. Kd6 gxf4 76. gxf4 Nxf4 77. e6 1/2-1/2

[Event "C.to Italiano Semifinale"]
[Site "Saint Vincent - Chatillon ITA"]
[Date "1999.06.26"]
[Round "8"]
[White "Castaldo, Folco"]
[Black "Bellia, Fabrizio"]
[Result "0-1"]
[WhiteElo "2192"]
[BlackElo "2340"]
[PlyCount "136"]
[EventDate "1999.06.20"]

1. e4 e5 2. Nf3 Nc6 3. Bb5 a6 4. Bxc6 dxc6 5. O-O f6 6. d4 exd4 7. Nxd4 c5 8.
Ne2 Qxd1 9. Rxd1 Bd7 10. Nbc3 O-O-O 11. Be3 b6 12. Rd2 Re8 13. Rad1 Bc6 14. Nf4
Nh6 15. Nfd5 Ng4 16. Bf4 Ne5 17. b3 Kb7 18. f3 Bd6 19. Bg3 h5 20. Ne3 h4 21.
Bf2 h3 22. Nf5 Bf8 23. Rd8 hxg2 24. Rxe8 Bxe8 25. Rd8 Nxf3+ 26. Kxg2 Bh5 27.
Bg3 Ng5 28. Rd7 Ne6 29. Rd2 g6 30. Nh4 Nd4 31. Rf2 g5 32. Nf5 Nxf5 33. Rxf5 Bg4
34. Rf2 Bh3+ 35. Kf3 Be7 36. Nd5 Bd8 37. Ke2 Rf8 38. Ne3 Be6 39. Nf5 c4 40. Ke3
cxb3 41. cxb3 c5 42. Ng7 Bg4 43. Nf5 Bc7 44. Bxc7 Kxc7 45. Ne7 Be6 46. Nf5 Rh8
47. Ng3 Rh6 48. e5 fxe5 49. Ke4 Kd6 50. Rd2+ Kc6 51. Nf5 Bxf5+ 52. Kxf5 b5 53.
Kxg5 Rh8 54. h4 c4 55. bxc4 bxc4 56. h5 Kc5 57. h6 c3 58. Rh2 Kd4 59. h7 Kd3
60. Rh6 c2 61. Rd6+ Kc3 62. Rc6+ Kd2 63. Rd6+ Kc1 64. Kg6 Rb8 65. Kg7 Kb1 66.
h8=Q Rxh8 67. Rb6+ Ka1 68. Rc6 Rh2 0-1

[Event "C.to Italiano Semifinale"]
[Site "Saint Vincent - Chatillon ITA"]
[Date "1999.06.26"]
[Round "8"]
[White "Ciuffoletti, Paolo"]
[Black "Scavo, Fernando"]
[Result "0-1"]
[WhiteElo "2163"]
[BlackElo "2301"]
[PlyCount "60"]
[EventDate "1999.06.20"]

1. e4 e6 2. Nf3 d5 3. e5 Bd7 4. d4 c5 5. c3 Nc6 6. dxc5 Bxc5 7. Bd3 Nge7 8. Bf4
Ng6 9. Bxg6 hxg6 10. O-O f6 11. Re1 g5 12. Bg3 f5 13. h3 Qe7 14. b4 Bb6 15. Na3
Nd8 16. Nd4 O-O 17. Qd3 a5 18. Nac2 axb4 19. cxb4 Ba4 20. a3 Rc8 21. Rac1 Rc4
22. Ne2 f4 23. Bh2 Nf7 24. Nc3 Bxc2 25. Rxc2 Rfc8 26. Rec1 Qc7 27. g3 d4 28.
Nb5 Rxc2 29. Nxc7 Rxc1+ 30. Kg2 Nxe5 0-1

[Event "C.to Italiano Semifinale"]
[Site "Saint Vincent - Chatillon ITA"]
[Date "1999.06.26"]
[Round "8"]
[White "Collutiis, Duilio"]
[Black "Caposciutti, Maurizio"]
[Result "0-1"]
[WhiteElo "2196"]
[BlackElo "2273"]
[PlyCount "98"]
[EventDate "1999.06.20"]

1. e4 c5 2. Nc3 Nc6 3. f4 g6 4. Nf3 Bg7 5. Bb5 Nd4 6. Bd3 d6 7. Nxd4 cxd4 8.
Ne2 e5 9. c3 exf4 10. O-O Nf6 11. Nxd4 O-O 12. Bc2 d5 13. e5 Ng4 14. Nf3 Nxe5
15. Nxe5 Bxe5 16. d4 Bd6 17. Bxf4 Bxf4 18. Rxf4 Be6 19. Qd2 b5 20. Raf1 f5 21.
R4f3 Qd7 22. Re1 Rae8 23. Re5 Bf7 24. Bb3 Rxe5 25. dxe5 Re8 26. Qd4 Qe6 27. Re3
a6 28. h4 Re7 29. Kf2 Re8 30. Bd1 Qc6 31. Bf3 Qc4 32. Qxc4 dxc4 33. Bb7 a5 34.
Bc6 Rb8 35. e6 Be8 36. Bd5 Kg7 37. Re2 Kf6 38. a4 Rd8 39. Rd2 Bc6 40. e7 Kxe7
41. Re2+ Kd6 42. Bxc6 Kxc6 43. Re6+ Kc5 44. Re5+ Rd5 45. Rxd5+ Kxd5 46. axb5
Kc5 47. Ke3 Kxb5 48. Kd4 h6 49. Kd5 g5 0-1

[Event "C.to Italiano Semifinale"]
[Site "Saint Vincent - Chatillon ITA"]
[Date "1999.06.26"]
[Round "8"]
[White "Costantini, Roberto"]
[Black "Tocco, Paolo"]
[Result "0-1"]
[WhiteElo "2158"]
[BlackElo "2150"]
[PlyCount "124"]
[EventDate "1999.06.20"]

1. e4 e5 2. Nf3 Nc6 3. Bc4 Nf6 4. d3 Bc5 5. c3 d6 6. Bb3 Qe7 7. Nbd2 Bg4 8. h3
Bh5 9. Nf1 O-O-O 10. Ng3 Bg6 11. O-O Nh5 12. Nxh5 Bxh5 13. Be3 f6 14. Bd5 Bxe3
15. fxe3 Bf7 16. Qa4 Qe8 17. b4 Kb8 18. Qb3 Bxd5 19. exd5 Ne7 20. e4 Qh5 21.
Qd1 f5 22. Nh2 Qxd1 23. Raxd1 fxe4 24. dxe4 Rhf8 25. g3 Kc8 26. Kg2 Kd7 27. Nf3
h6 28. Nd2 Ng8 29. Rf3 Rxf3 30. Kxf3 Rf8+ 31. Ke3 Rf6 32. Nf3 Ne7 33. c4 Rg6
34. Kf2 Rf6 35. Ke3 Rg6 36. Kf2 Rf6 37. Rf1 a6 38. a4 c6 39. Kg2 cxd5 40. cxd5
Ng8 41. a5 Ne7 42. Rf2 Nc8 43. h4 Ne7 44. Nh2 Rxf2+ 45. Kxf2 h5 46. Kf3 Ke8 47.
g4 hxg4+ 48. Kxg4 Ng8 49. Nf3 Kf7 50. Ng5+ Kf6 51. Nh7+ Kf7 52. h5 Nh6+ 53. Kh4
Ng8 54. Ng5+ Ke7 55. Ne6 Nf6 56. Nxg7 Nxe4 57. Kg4 Kf7 58. Nf5 Nf6+ 59. Kg5
Nxd5 60. Nxd6+ Kg8 61. Kg6 Nf4+ 62. Kg5 62... Nd5 {...} 0-1

[Event "C.to Italiano Semifinale"]
[Site "Saint Vincent - Chatillon ITA"]
[Date "1999.06.26"]
[Round "8"]
[White "D'Innocente, Stefano"]
[Black "Malfagia, Andrea"]
[Result "0-1"]
[WhiteElo "1693"]
[BlackElo "2308"]
[PlyCount "50"]
[EventDate "1999.06.20"]

1. e4 e6 2. d4 d5 3. Nc3 Bb4 4. e5 c5 5. a3 Bxc3+ 6. bxc3 Qc7 7. Nf3 b6 8. Bb5+
Bd7 9. Bd3 Ba4 10. O-O Ne7 11. Re1 Nd7 12. Rb1 h6 13. Kh1 Rc8 14. Ba6 Rb8 15.
Bd3 Nc6 16. Be3 cxd4 17. cxd4 Na5 18. Nd2 Qc3 19. Qg4 Bxc2 20. Bxc2 Qxc2 21.
Qxg7 Ke7 22. Bxh6 Rbg8 23. Bg5+ Ke8 24. Rec1 Qxb1 25. Rxb1 Rxg7 0-1

[Event "C.to Italiano Semifinale"]
[Site "Saint Vincent - Chatillon ITA"]
[Date "1999.06.26"]
[Round "8"]
[White "Dorighet, Claudio"]
[Black "Mauro, Alan"]
[Result "1/2-1/2"]
[WhiteElo "2110"]
[BlackElo "2263"]
[PlyCount "65"]
[EventDate "1999.06.20"]

1. c4 Nf6 2. Nc3 g6 3. e4 d6 4. Nge2 e5 5. g3 Bg7 6. Bg2 O-O 7. O-O Nc6 8. h3
Nd4 9. d3 Nh5 10. g4 Nxe2+ 11. Nxe2 Nf4 12. Nxf4 exf4 13. Bxf4 Bxb2 14. Rb1 Bg7
15. Be3 c6 16. f4 f5 17. exf5 gxf5 18. g5 Re8 19. Qf3 Qa5 20. Qf2 Re7 21. Rbe1
Be6 22. Kh2 Qc3 23. Bxa7 Qxd3 24. c5 Bd4 25. Qe2 Qxe2 26. Rxe2 dxc5 27. Bf3
Rxa7 28. Rfe1 Kf8 29. Rxe6 Rxa2+ 30. Kh1 Rxe6 31. Rxe6 Rf2 32. Bh5 Rxf4 33.
Re8+ 1/2-1/2

[Event "C.to Italiano Semifinale"]
[Site "Saint Vincent - Chatillon ITA"]
[Date "1999.06.26"]
[Round "8"]
[White "Ferri, Stefano"]
[Black "Retter, Martin"]
[Result "1-0"]
[WhiteElo "2091"]
[BlackElo "1588"]
[PlyCount "41"]
[EventDate "1999.06.20"]

1. d4 e6 2. c3 Nf6 3. Bg5 Be7 4. Nf3 O-O 5. Nbd2 d5 6. Bxf6 Bxf6 7. e4 dxe4 8.
Nxe4 Re8 9. Qd2 b6 10. O-O-O Bb7 11. Bd3 Nd7 12. g4 e5 13. Rhe1 h6 14. g5 hxg5
15. Nfxg5 Bxg5 16. Nxg5 exd4 17. Bc4 Rf8 18. h4 Nf6 19. Qc2 c5 20. Re5 g6 21.
Qxg6+ 1-0

[Event "C.to Italiano Semifinale"]
[Site "Saint Vincent - Chatillon ITA"]
[Date "1999.06.26"]
[Round "8"]
[White "Martorelli, Antonio"]
[Black "Fabiano, Giuseppe"]
[Result "0-1"]
[WhiteElo "2346"]
[BlackElo "2282"]
[PlyCount "104"]
[EventDate "1999.06.20"]

1. e4 e6 2. d4 d5 3. Nc3 Bb4 4. e5 Qd7 5. a3 Bf8 6. Nge2 Ne7 7. Nf4 b6 8. a4
Nbc6 9. g4 Ng6 10. Nh5 Bb7 11. Bg5 h6 12. Bf6 Rg8 13. Be2 Nge7 14. f4 O-O-O 15.
Bh4 Kb8 16. O-O Nxd4 17. Qxd4 Nf5 18. gxf5 Bc5 19. Qxc5 bxc5 20. Bxd8 Qxd8 21.
fxe6 fxe6 22. Bf3 Qh4 23. Ne2 Rd8 24. Neg3 g6 25. Nf6 Qxf4 26. Rae1 Qxa4 27.
Bg4 Qc6 28. Rf2 h5 29. Bf3 Qa4 30. Bg2 Qh4 31. b3 Qg5 32. Kh1 h4 33. Nf1 h3 34.
Bxh3 Qh4 35. Kg1 Qxh3 36. Re3 Qh4 37. Nd2 Kc8 38. Rg3 Qd4 39. Nf3 Qe3 40. Rxg6
d4 41. Ng4 Qc1+ 42. Kg2 Be4 43. Rg7 Qf4 44. h3 Rf8 45. Ngh2 Qxe5 46. Rg4 Bd5
47. Kf1 Qe3 48. Rg3 e5 49. Re2 Qc1+ 50. Kg2 e4 51. Ng1 e3+ 52. Nhf3 Qd1 0-1

[Event "C.to Italiano Semifinale"]
[Site "Saint Vincent - Chatillon ITA"]
[Date "1999.06.26"]
[Round "8"]
[White "Nannelli, Paolo"]
[Black "Vezzosi, Paolo"]
[Result "0-1"]
[WhiteElo "2239"]
[BlackElo "2339"]
[PlyCount "74"]
[EventDate "1999.06.20"]

1. d4 c5 2. e3 Nf6 3. Nf3 b6 4. Bd3 Bb7 5. Nbd2 Nc6 6. O-O e6 7. c4 Be7 8. b3
cxd4 9. exd4 O-O 10. a3 d5 11. Bb2 g6 12. Re1 Rc8 13. Qe2 Rc7 14. Qe3 Re8 15.
Rad1 Bf8 16. Nf1 Na5 17. c5 bxc5 18. Bb5 Bc6 19. Bxc6 Rxc6 20. dxc5 Bxc5 21.
Qf4 Nh5 22. Qa4 Rc8 23. Ne5 Be7 24. Ng4 Nc6 25. Rc1 Qb6 26. Nfe3 a6 27. Nh6+
Kf8 28. g4 Nf6 29. Qf4 Qb8 30. Qf3 Ne5 31. Qe2 Ne4 32. Rxc8 Rxc8 33. Bxe5 Qxe5
34. Qxa6 Re8 35. Qa5 Qf4 36. f3 Ng5 37. Qc3 d4 0-1

[Event "C.to Italiano Semifinale"]
[Site "Saint Vincent - Chatillon ITA"]
[Date "1999.06.26"]
[Round "8"]
[White "Pantaleoni, Claudio"]
[Black "Mariano, Elia"]
[Result "1-0"]
[WhiteElo "2184"]
[BlackElo "2254"]
[PlyCount "85"]
[EventDate "1999.06.20"]

1. c4 e6 2. Nf3 d5 3. g3 Nf6 4. Bg2 Be7 5. O-O O-O 6. d4 Nbd7 7. Qc2 c6 8. Nbd2
b6 9. b3 Bb7 10. Bb2 Rc8 11. e4 dxe4 12. Nxe4 c5 13. Nfg5 Nxe4 14. Nxe4 cxd4
15. Bxd4 Qc7 16. Qe2 Rfd8 17. Rad1 Nf8 18. h4 Bxe4 19. Qxe4 Bc5 20. Be5 Qe7 21.
Qg4 f6 22. Bc3 Rxd1 23. Rxd1 Rd8 24. Rxd8 Qxd8 25. b4 Be7 26. a3 Qd3 27. Qd4
Qc2 28. Kh2 Qb3 29. Bb2 Kf7 30. c5 bxc5 31. bxc5 Qc2 32. Bc3 Qb3 33. c6 Qb8 34.
Ba5 Bd6 35. Qc4 Bc7 36. Bb4 Bb6 37. Qc2 Ng6 38. f4 Nxf4 39. c7 Bxc7 40. gxf4
Bxf4+ 41. Kh1 Qe5 42. Qd1 Qe3 43. Qh5+ 1-0

[Event "C.to Italiano Semifinale"]
[Site "Saint Vincent - Chatillon ITA"]
[Date "1999.06.26"]
[Round "8"]
[White "Ranieri, Fabrizio"]
[Black "Genocchio, Daniele"]
[Result "0-1"]
[WhiteElo "2166"]
[BlackElo "2247"]
[PlyCount "68"]
[EventDate "1999.06.20"]

1. e4 a6 2. d4 b5 3. Nf3 Bb7 4. Bd3 Nf6 5. Qe2 e6 6. O-O Be7 7. Nbd2 d6 8. c4
bxc4 9. Nxc4 d5 10. exd5 Qxd5 11. Bf4 Nc6 12. Ne3 Nxd4 13. Nxd4 Qxd4 14. Bxc7
O-O 15. Rfd1 Qc5 16. Rac1 Qg5 17. f4 Qh6 18. Be5 Bd8 19. Bc7 Be7 20. Be5 Bd8
21. Bc7 Bd5 22. Bxd8 Rfxd8 23. Nxd5 Nxd5 24. g3 g5 25. f5 exf5 26. Bxf5 Re8 27.
Qf2 g4 28. Bd7 Re7 29. Bc6 Rc8 30. Qc5 Rxc6 31. Qxd5 Qe3+ 32. Kh1 Rxc1 33. Qd8+
Kg7 34. Rxc1 Qxc1+ 0-1

[Event "C.to Italiano Semifinale"]
[Site "Saint Vincent - Chatillon ITA"]
[Date "1999.06.26"]
[Round "8"]
[White "Rettore, Ludwig"]
[Black "Bonaccorsi, Fabrizio"]
[Result "0-1"]
[WhiteElo "1675"]
[BlackElo "2086"]
[PlyCount "80"]
[EventDate "1999.06.20"]

1. e4 c5 2. Nf3 d6 3. d4 cxd4 4. Nxd4 Nf6 5. Nc3 g6 6. Be3 Bg7 7. f3 O-O 8. Qd2
Nc6 9. Bc4 Bd7 10. h4 Rc8 11. Bb3 h5 12. O-O-O Ne5 13. Kb1 Nc4 14. Bxc4 Rxc4
15. Nde2 b5 16. e5 dxe5 17. Bg5 b4 18. Nd5 Nxd5 19. Qxd5 Rc7 20. Rd2 Qe8 21.
Rhd1 Be6 22. Qa5 Qb8 23. Ng3 Rfc8 24. Be3 f5 25. f4 e4 26. Ne2 Bc4 27. Nd4 Rc5
28. Qa4 e5 29. Nxf5 gxf5 30. Bxc5 exf4 31. Bd6 Qb6 32. Bxf4 e3 33. Rd6 e2 34.
Re1 Qc5 35. Rg6 Rd8 36. Rd6 Rxd6 37. Qe8+ Kh7 38. Qxh5+ Rh6 39. Bxh6 Bxh6 40.
g4 Qf2 0-1

[Event "C.to Italiano Semifinale"]
[Site "Saint Vincent - Chatillon ITA"]
[Date "1999.06.26"]
[Round "8"]
[White "Rossato, Armando"]
[Black "Pegoraro, Nicola"]
[Result "1-0"]
[WhiteElo "1959"]
[BlackElo "2072"]
[PlyCount "39"]
[EventDate "1999.06.20"]

1. d4 f5 2. e4 fxe4 3. Nc3 Nf6 4. f3 d5 5. fxe4 dxe4 6. Bc4 Nc6 7. Nge2 Bg4 8.
Be3 e6 9. O-O Qd7 10. Qe1 Nb4 11. Bb3 Bd6 12. Qh4 Bf5 13. Bg5 O-O-O 14. Rad1
Rhf8 15. Ng3 h6 16. Bxf6 Bxg3 17. Qxg3 Rxf6 18. d5 e5 19. Qxe5 Qe8 20. Rxf5 1-0

[Event "C.to Italiano Semifinale"]
[Site "Saint Vincent - Chatillon ITA"]
[Date "1999.06.26"]
[Round "8"]
[White "Tatai, Stefano"]
[Black "Aldrovandi, Costantino"]
[Result "0-1"]
[WhiteElo "2359"]
[BlackElo "2309"]
[PlyCount "52"]
[EventDate "1999.06.20"]

1. d4 Nf6 2. c4 g6 3. Nc3 Bg7 4. e4 d6 5. Be2 O-O 6. Bg5 c5 7. d5 b5 8. cxb5 a6
9. bxa6 Qa5 10. Bd2 Bxa6 11. Nf3 Qb4 12. Qc2 Bxe2 13. Kxe2 Na6 14. Ne1 Rab8 15.
Rb1 Rfc8 16. f3 Qb7 17. a3 c4 18. Na2 Nc5 19. Nb4 e6 20. dxe6 Nxe6 21. Bc3 d5
22. exd5 Nxd5 23. Rd1 Nef4+ 24. Kf2 Qb6+ 25. Kg3 Nh5+ 26. Kh4 Bf6+ 0-1

[Event "C.to Italiano Semifinale"]
[Site "Saint Vincent - Chatillon ITA"]
[Date "1999.06.26"]
[Round "8"]
[White "Valenti, Giuseppe"]
[Black "Wild, Alexander"]
[Result "1-0"]
[WhiteElo "2200"]
[BlackElo "1732"]
[PlyCount "63"]
[EventDate "1999.06.20"]

1. e4 c5 2. d4 cxd4 3. Nf3 d6 4. c3 dxc3 5. Nxc3 Nc6 6. Bc4 e6 7. O-O Be7 8.
Qe2 Bd7 9. Rd1 a6 10. Bf4 Qc7 11. Rac1 Rd8 12. h3 Bc8 13. Bb3 Qa5 14. Rc2 g5
15. Bd2 Nb4 16. Rcc1 Bd7 17. a3 Rc8 18. axb4 Qxb4 19. Ba2 h6 20. Be3 Bc6 21.
Nd4 Bd7 22. Nf3 Bc6 23. Rd4 Qa5 24. Nd2 b5 25. b4 Qa3 26. Ndb1 Qxc1+ 27. Bxc1
Bf6 28. Rxd6 Be5 29. Rd1 Nf6 30. Nd5 Nd7 31. Bb2 Bxb2 32. Qxb2 1-0

[Event "C.to Italiano Semifinale"]
[Site "Saint Vincent - Chatillon ITA"]
[Date "1999.06.26"]
[Round "8"]
[White "Ventura, Sergio"]
[Black "Petruccioli, Antonio"]
[Result "1-0"]
[WhiteElo "2209"]
[BlackElo "2013"]
[PlyCount "133"]
[EventDate "1999.06.20"]

1. f4 d5 2. e3 c5 3. Nf3 Bg4 4. b3 Nf6 5. Bb2 e6 6. h3 Bxf3 7. Qxf3 Nc6 8. g4
Ne4 9. g5 h6 10. h4 a6 11. Bg2 Nb4 12. Na3 Qd7 13. d3 Nd6 14. Kf2 O-O-O 15. Qe2
Nc6 16. Nb1 hxg5 17. hxg5 Rxh1 18. Bxh1 Nf5 19. Nd2 d4 20. e4 Ne3 21. Nc4 Nxc4
22. bxc4 e5 23. f5 Be7 24. Bc1 Rh8 25. Bd2 Rh2+ 26. Bg2 g6 27. Kg3 Rh8 28. Bh3
Kb8 29. Bg4 Qd8 30. f6 Bd6 31. Kg2 Bc7 32. Be1 Ba5 33. Bg3 Kc7 34. Rb1 b6 35.
a3 Kd6 36. Qf3 Bd2 37. Bh3 Kc7 38. Qg4 Rh5 39. Bh4 Bf4 40. Rf1 Be3 41. Rf3 b5
42. Rf1 b4 43. a4 Kb6 44. Ra1 Bf4 45. Rf1 Qh8 46. a5+ Nxa5 47. Ra1 Rxh4 48. Qd7
Nb7 49. Qxf7 Rxh3 50. Qe6+ Kc7 51. Qxh3 Qxh3+ 52. Kxh3 Bxg5 53. Rxa6 Nd6 54. f7
Be7 55. Ra7+ Kd8 56. Ra8+ Nc8 57. Kg4 Kd7 58. Ra1 Nd6 59. Rf1 Bf8 60. Kg5 Nb7
61. Kxg6 Nd8 62. Ra1 Ke7 63. Ra5 Ke6 64. Ra7 Nc6 65. Ra6 Kd7 66. Kf6 Kd8 67.
Ra8+ 1-0

[Event "C.to Italiano Semifinale"]
[Site "Saint Vincent - Chatillon ITA"]
[Date "1999.06.27"]
[Round "9"]
[White "Aldrovandi, Costantino"]
[Black "Vezzosi, Paolo"]
[Result "1/2-1/2"]
[WhiteElo "2309"]
[BlackElo "2339"]
[PlyCount "80"]
[EventDate "1999.06.20"]

1. e4 c5 2. c3 d6 3. d4 Nf6 4. Bd3 g6 5. h3 Bg7 6. Nf3 O-O 7. O-O Nc6 8. Re1 e5
9. dxc5 dxc5 10. Be3 Qe7 11. Qc1 Nh5 12. Na3 f5 13. Bc4+ Kh8 14. Bg5 Bf6 15.
Bh6 Ng7 16. exf5 gxf5 17. Nxe5 Nxe5 18. f4 Nf3+ 19. gxf3 Qc7 20. Qd2 Bd7 21.
Rad1 Bc6 22. Qd6 Qb6 23. Nb5 Rad8 24. Qc7 Qxc7 25. Nxc7 Bxf3 26. Rd3 Be4 27.
Rg3 Rd7 28. Ne6 Rc8 29. Ng5 Bxg5 30. Rxg5 Rcc7 31. Kf2 Rd6 32. Bxg7+ Rxg7 33.
Rxf5 Rd2+ 34. Ke3 Bxf5 35. Kxd2 Rd7+ 36. Kc1 Bxh3 37. Rg1 Rg7 38. Re1 Rd7 39.
Rg1 Rg7 40. Re1 Rd7 1/2-1/2

[Event "C.to Italiano Semifinale"]
[Site "Saint Vincent - Chatillon ITA"]
[Date "1999.06.27"]
[Round "9"]
[White "Bellia, Fabrizio"]
[Black "Pantaleoni, Claudio"]
[Result "1-0"]
[WhiteElo "2340"]
[BlackElo "2184"]
[PlyCount "79"]
[EventDate "1999.06.20"]

1. e4 c5 2. Nf3 Nc6 3. d4 cxd4 4. Nxd4 g6 5. c4 Bg7 6. Be3 Nf6 7. Nc3 O-O 8.
Be2 d6 9. O-O Bd7 10. Qd2 Nxd4 11. Bxd4 Bc6 12. f3 a5 13. b3 Nd7 14. Be3 Nc5
15. Rab1 Qb6 16. Nb5 Rfc8 17. Kh1 Qd8 18. Nd4 Bd7 19. Bd1 Qf8 20. Bc2 Be5 21.
a4 Qg7 22. f4 Bf6 23. Rf3 Bg4 24. Rf2 h5 25. Rbf1 Rf8 26. Nb5 b6 27. e5 dxe5
28. fxe5 Bxe5 29. Bh6 Qh7 30. Bxf8 Rxf8 31. Qg5 Bf6 32. Rxf6 exf6 33. Rxf6 Ne6
34. Qe3 Qg7 35. Rf1 Qb2 36. Be4 Nc5 37. Bd5 Kg7 38. Nd4 Bd7 39. Qe5+ Kh7 40.
Qe7 1-0

[Event "C.to Italiano Semifinale"]
[Site "Saint Vincent - Chatillon ITA"]
[Date "1999.06.27"]
[Round "9"]
[White "Bonaccorsi, Fabrizio"]
[Black "Ventura, Sergio"]
[Result "1-0"]
[WhiteElo "2086"]
[BlackElo "2209"]
[PlyCount "73"]
[EventDate "1999.06.20"]

1. Nf3 g6 2. c4 c5 3. d4 Bg7 4. d5 b5 5. cxb5 d6 6. e4 Nf6 7. Nc3 O-O 8. Be2 a6
9. bxa6 Bxa6 10. O-O Qc7 11. Nd2 h5 12. h3 Nbd7 13. Bxa6 Rxa6 14. Nc4 Rb8 15.
Qe2 Qa7 16. Rd1 Ne8 17. g4 hxg4 18. hxg4 Bd4 19. Kg2 Ne5 20. Nxe5 Bxe5 21. f4
Bd4 22. Nb5 Qb6 23. Nxd4 cxd4 24. f5 Qa7 25. Qd3 Nf6 26. Kf3 Rb4 27. Rh1 Rxa2
28. Qc2 Rb8 29. Qh2 Rb3+ 30. Kf4 Kf8 31. Rxa2 Qxa2 32. Qh8+ Ng8 33. fxg6 e5+
34. dxe6 fxe6 35. Rh7 Rf3+ 36. Kxf3 Qb3+ 37. Kf4 1-0

[Event "C.to Italiano Semifinale"]
[Site "Saint Vincent - Chatillon ITA"]
[Date "1999.06.27"]
[Round "9"]
[White "Fabiano, Giuseppe"]
[Black "Rossi, Carlo"]
[Result "0-1"]
[WhiteElo "2282"]
[BlackElo "2371"]
[PlyCount "56"]
[EventDate "1999.06.20"]

1. d4 c5 2. d5 g6 3. e4 Bg7 4. Nf3 d6 5. Bb5+ Nd7 6. O-O a6 7. Bxd7+ Bxd7 8. h3
Nf6 9. Re1 O-O 10. a4 b5 11. e5 dxe5 12. Nxe5 Be8 13. c4 bxc4 14. Nc3 Rb8 15.
Nxc4 Rb4 16. Qd3 Bc6 17. Be3 Bxd5 18. Bxc5 Rxc4 19. Bxe7 Rxc3 20. bxc3 Qa8 21.
Bxf8 Bxf8 22. Qd4 Qc6 23. Rab1 Bc5 24. Qf4 Kg7 25. Qg3 Ne4 26. Qe5+ f6 27. Qf4
Bxf2+ 28. Kh2 Bg3+ 0-1

[Event "C.to Italiano Semifinale"]
[Site "Saint Vincent - Chatillon ITA"]
[Date "1999.06.27"]
[Round "9"]
[White "Genocchio, Daniele"]
[Black "Martorelli, Antonio"]
[Result "1-0"]
[WhiteElo "2247"]
[BlackElo "2346"]
[PlyCount "69"]
[EventDate "1999.06.20"]

1. Nf3 Nf6 2. Nc3 d5 3. e3 g6 4. d4 Bg7 5. Be2 O-O 6. O-O Nbd7 7. b3 e5 8. Bb2
e4 9. Nd2 Re8 10. f3 exf3 11. Bxf3 Bh6 12. Nxd5 Nxd5 13. Bxd5 Nf6 14. Bc4 Bxe3+
15. Kh1 Bxd4 16. Bxd4 Qxd4 17. Qf3 Kg7 18. c3 Qb6 19. Bd5 Bg4 20. Qf4 Bf5 21.
Nc4 Qa6 22. Bf3 Rac8 23. Rad1 h6 24. a4 Bc2 25. Bxb7 Qe6 26. Bxc8 Rxc8 27. Rde1
Qa6 28. Qd4 c5 29. Qd6 Rc6 30. Qe7 Bxb3 31. Ne5 Rc8 32. c4 Qe6 33. Qxa7 Bxc4
34. Nxg6 Qg4 35. Ne5 1-0

[Event "C.to Italiano Semifinale"]
[Site "Saint Vincent - Chatillon ITA"]
[Date "1999.06.27"]
[Round "9"]
[White "Iotti, Pierluigi"]
[Black "Rossato, Armando"]
[Result "1-0"]
[WhiteElo "2318"]
[BlackElo "1959"]
[PlyCount "45"]
[EventDate "1999.06.20"]

1. d4 d5 2. c4 c6 3. Nf3 Nf6 4. Nc3 dxc4 5. a4 Bf5 6. e3 e6 7. Bxc4 Nbd7 8. O-O
Be7 9. Qe2 O-O 10. e4 Bg6 11. Rd1 Re8 12. Bf4 Bb4 13. Bd3 Rc8 14. Ne5 Nf8 15.
Bc2 Nh5 16. Be3 Ba5 17. Nxg6 hxg6 18. e5 f5 19. g4 Qh4 20. gxh5 Kf7 21. Qf3
Bxc3 22. bxc3 gxh5 23. Qg3 1-0

[Event "C.to Italiano Semifinale"]
[Site "Saint Vincent - Chatillon ITA"]
[Date "1999.06.27"]
[Round "9"]
[White "Luciani, Valerio"]
[Black "Ciuffoletti, Paolo"]
[Result "0-1"]
[WhiteElo "2238"]
[BlackElo "2163"]
[PlyCount "82"]
[EventDate "1999.06.20"]

1. c4 g6 2. Nc3 Bg7 3. g3 e5 4. Bg2 d6 5. d3 f5 6. Nf3 Nf6 7. O-O O-O 8. Rb1 a5
9. a3 Nh5 10. Qc2 f4 11. b4 axb4 12. axb4 Bg4 13. Nd2 Nc6 14. h3 Nd4 15. Qd1
Bc8 16. Kh2 Nf5 17. Nde4 c6 18. g4 Nh4 19. gxh5 Nxg2 20. Kxg2 d5 21. cxd5 cxd5
22. hxg6 dxe4 23. gxh7+ Kh8 24. Nxe4 Bxh3+ 25. Kxh3 Qd7+ 26. Kg2 Qg4+ 27. Ng3
fxg3 28. f3 Qg6 29. Rh1 e4 30. Bb2 exf3+ 31. exf3 Ra2 32. Qe2 Qf6 33. Rh5 Rxb2
34. Rxb2 Qxb2 35. Qxb2 Bxb2 36. Kxg3 Rf7 37. f4 Bc1 38. f5 Rxh7 39. Rxh7+ Kxh7
40. Kf3 Ba3 41. b5 Kg7 0-1

[Event "C.to Italiano Semifinale"]
[Site "Saint Vincent - Chatillon ITA"]
[Date "1999.06.27"]
[Round "9"]
[White "Malfagia, Andrea"]
[Black "Astengo, Corrado"]
[Result "1/2-1/2"]
[WhiteElo "2308"]
[BlackElo "2191"]
[PlyCount "116"]
[EventDate "1999.06.20"]

1. e4 c5 2. Nf3 d6 3. d4 Nf6 4. Nc3 cxd4 5. Nxd4 a6 6. Bg5 e6 7. Qf3 Nbd7 8.
Be2 Qc7 9. O-O-O b5 10. e5 Bb7 11. exd6 Bxf3 12. dxc7 Bxe2 13. Ndxe2 Rc8 14.
Bf4 Bc5 15. Bg3 Bb6 16. Rd6 Nh5 17. f4 Nxg3 18. Nxg3 Ke7 19. Rhd1 Rxc7 20. f5
Rhc8 21. fxe6 fxe6 22. Kb1 g6 23. a3 Rb7 24. Nge4 h6 25. b3 Ba5 26. Ne2 Bb6 27.
Nf4 Nf8 28. g3 Rd8 29. Rxd8 Bxd8 30. Nc5 Rb6 31. Re1 Rc6 32. Nfd3 Bc7 33. Re4
Bd6 34. Nb7 Bc7 35. a4 Rb6 36. Nbc5 Nd7 37. Nxd7 Kxd7 38. axb5 axb5 39. Nc5+
Ke7 40. b4 Rc6 41. Kb2 Bd6 42. Nxe6 Rc4 43. Rxc4 bxc4 44. Nc5 Be5+ 45. c3 h5
46. Kc2 h4 47. Ne4 Ke6 48. Kd2 Kf5 49. Ke3 hxg3 50. hxg3 Kg4 51. Kf2 Bb8 52.
Kg2 Be5 53. Nf2+ Kf5 54. g4+ Kf4 55. Nd1 Kxg4 56. Ne3+ Kf4 57. Nxc4 Bxc3 58. b5
Bd4 1/2-1/2

[Event "C.to Italiano Semifinale"]
[Site "Saint Vincent - Chatillon ITA"]
[Date "1999.06.27"]
[Round "9"]
[White "Mariano, Elia"]
[Black "Dorighet, Claudio"]
[Result "1-0"]
[WhiteElo "2254"]
[BlackElo "2110"]
[PlyCount "47"]
[EventDate "1999.06.20"]

1. d4 f5 2. e4 fxe4 3. Nc3 Nf6 4. Bg5 Nc6 5. d5 Ne5 6. Qd4 Nf7 7. Bxf6 exf6 8.
O-O-O f5 9. f3 Bd6 10. fxe4 Be5 11. Qd2 f4 12. Nf3 O-O 13. Nxe5 Nxe5 14. d6 c6
15. Be2 Kh8 16. Rhf1 Qf6 17. Rf2 b5 18. Rdf1 g5 19. h4 Ng6 20. g3 gxh4 21. gxf4
Bb7 22. e5 Qf7 23. Qd4 a5 24. f5 1-0